000 00454nam a2200169Ia 4500
008 230917s9999||||xx |||||||||||||| ||und||
020 _cRS105
040 _e246766
_aMAIN
041 _aEnglish
082 _a613.7 S59E
100 _aSheth, Parul R
245 0 _aExercising: For good health
260 _aNew Delhi
_bNational Book Trust
_c2016
300 _aviii, 138 p.
500 _a3091 26/04/2018 NBT18/350653 27/04/2018 Main Budget
942 _cBK
999 _c26561
_d26561